| 000 | 00511nam a2200193Ia 4500 | ||
|---|---|---|---|
| 005 | 20250423100506.0 | ||
| 008 | 250422s9999 xx 000 0 und d | ||
| 020 | _a9781466506664 | ||
| 050 | _aTN 871 .P48/ | ||
| 100 | _aAbdel-Aal, Hussein K. | ||
| 245 | 0 | _aPetroleum economics and engineering | |
| 250 | _a3rd ed. | ||
| 260 | _aBoca Raton | ||
| 260 | _bCRC Press | ||
| 260 | _c2014 | ||
| 300 | _a464 p | ||
| 650 | _a Petroleum engineering--Costs. Petroleum industry and trade. | ||
| 942 | _cBK | ||
| 999 |
_c33469 _d33469 |
||